Anfibios y reptiles : (Record no. 16242)

MARC details
000 -LEADER
fixed length control field 01750cam a22004578i 4500
001 - CONTROL NUMBER
control field sjds18539228
003 - CONTROL NUMBER IDENTIFIER
control field sjds
005 - DATE AND TIME OF LATEST TRANSACTION
control field 20160920141638.0
008 - FIXED-LENGTH DATA ELEMENTS--GENERAL INFORMATION
fixed length control field 150319s2015 scu j b 000 0 spa c
010 ## - LIBRARY OF CONGRESS CONTROL NUMBER
LC control number 2015009085
020 ## - INTERNATIONAL STANDARD BOOK NUMBER
International Standard Book Number 9781628555691 (spanish pbk.)
020 ## - INTERNATIONAL STANDARD BOOK NUMBER
Canceled/invalid ISBN 9781628555875 (spanish downloadable ebook)
020 ## - INTERNATIONAL STANDARD BOOK NUMBER
Canceled/invalid ISBN 9781628556056 (spanish interactive dual-language ebook)
020 ## - INTERNATIONAL STANDARD BOOK NUMBER
Canceled/invalid ISBN 9781628555516 (english hardcover)
020 ## - INTERNATIONAL STANDARD BOOK NUMBER
Canceled/invalid ISBN 9781628555608 (english pbk.)
020 ## - INTERNATIONAL STANDARD BOOK NUMBER
Canceled/invalid ISBN 9781628555783 (english downloadable ebook)
020 ## - INTERNATIONAL STANDARD BOOK NUMBER
Canceled/invalid ISBN 9781628555967 (english interactive dual-language ebook)
040 ## - CATALOGING SOURCE
Original cataloging agency NJQ/DLC
Language of cataloging eng
Transcribing agency NJQ
Description conventions rda
041 1# - LANGUAGE CODE
Language code of text/sound track or separate title spa
Language code of original eng
042 ## - AUTHENTICATION CODE
Authentication code pcc
050 00 - LIBRARY OF CONGRESS CALL NUMBER
Classification number QL644.2
Item number .H3418 2015
082 04 - DEWEY DECIMAL CLASSIFICATION NUMBER
Classification number 597
Edition number 23
100 1# - MAIN ENTRY--PERSONAL NAME
Personal name Hall, Katharine,
Dates associated with a name 1989-
Relator term author.
240 10 - UNIFORM TITLE
Uniform title <a href="Amphibians and reptiles.">Amphibians and reptiles.</a>
Language of a work Spanish
245 10 - TITLE STATEMENT
Title Anfibios y reptiles :
Remainder of title un libro de comparación y contraste /
Statement of responsibility, etc. por Katharine Hall.
260 ## - PUBLICATION, DISTRIBUTION, ETC. (IMPRINT)
Place of publication, distribution, etc. Mt. Pleasant, SC :
Name of publisher, distributor, etc. Arbordale Publishing,
Date of publication, distribution, etc. [2015]
264 #1 - PRODUCTION, PUBLICATION, DISTRIBUTION, MANUFACTURE, AND COPYRIGHT NOTICE
Place of production, publication, distribution, manufacture Mt. Pleasant, SC :
Name of producer, publisher, distributor, manufacturer Arbordale Publishing,
Date of production, publication, distribution, manufacture, or copyright notice [2015]
300 ## - PHYSICAL DESCRIPTION
Extent 1 volume (unpaged)
Dimensions 26 cm
336 ## - CONTENT TYPE
Content type term text
Source rdacontent
337 ## - MEDIA TYPE
Media type term unmediated
Source rdamedia
338 ## - CARRIER TYPE
Carrier type term volume
Source rdacarrier
490 0# - SERIES STATEMENT
Series statement Comparación y contraste
500 ## - GENERAL NOTE
General note “incluye 4 páginas de actividades para la enseñanza” – back cover.
504 ## - BIBLIOGRAPHY, ETC. NOTE
Bibliography, etc Includes bibliographical references.
521 1# - TARGET AUDIENCE NOTE
Target audience note Ages 4-8.
650 #0 - SUBJECT ADDED ENTRY--TOPICAL TERM
Topical term or geographic name as entry element Amphibians
Form subdivision Juvenile literature.
650 #0 - SUBJECT ADDED ENTRY--TOPICAL TERM
Topical term or geographic name as entry element Reptiles
Form subdivision Juvenile literature.
776 08 - ADDITIONAL PHYSICAL FORM ENTRY
Relationship information Online version:
Main entry heading Hall, Katharine, 1989- author.
Title Anfibios y reptiles
Place, publisher, and date of publication Mt. Pleasant, SC : Arbordale Publishing, [2015]
International Standard Book Number 9781628555875
Record control number (DLC) 2015011987
942 ## - ADDED ENTRY ELEMENTS (KOHA)
Source of classification or shelving scheme Dewey Decimal Classification
Koha item type Libro/Book
Holdings
Withdrawn status Lost status Damaged status Not for loan Home library Current library Date acquired Inventory number Total Checkouts Total Renewals Full call number Barcode Checked out Date last seen Date checked out Price effective from Koha item type
        Azul y Blanco -- Satellite Azul y Blanco 20/09/2016 inventory date: 22-1-25 2   JNC 35200516 22/04/2026 18/03/2026 18/03/2026 20/09/2016 Libro/Book

Powered by Koha